OPAC Home

Webster's new International Dictionary of the English Language (Record no. 87599)

MARC details
000 -LEADER
fixed length control field 00448nam a2200157Ia 4500
003 - CONTROL NUMBER IDENTIFIER
control field LK-CoDNM
008 - FIXED-LENGTH DATA ELEMENTS--GENERAL INFORMATION
fixed length control field 010623t1912 xxu||||| |||| 00| 1 eng d
040 ## - CATALOGING SOURCE
Original cataloging agency LK-CoDNM
Modifying agency LK-CoDNM
Description conventions LK-CoDNM
041 ## - LANGUAGE CODE
Language code of text/sound track or separate title English
942 ## - ADDED ENTRY ELEMENTS (KOHA)
Koha item type Books
100 ## - MAIN ENTRY--PERSONAL NAME
Personal name Allen,F.Sturges.
700 ## - ADDED ENTRY--PERSONAL NAME
Personal name Harris,W.T.
Relator term editor
245 ## - TITLE STATEMENT
Title Webster's new International Dictionary of the English Language
260 ## - PUBLICATION, DISTRIBUTION, ETC. (IMPRINT)
Name of publisher, distributor, etc. G.Bell and Sons
Place of publication, distribution, etc. London
Date of publication, distribution, etc. 1912
300 ## - PHYSICAL DESCRIPTION
Other physical details 1291p-2620p,pl., 30 cm
Holdings
Withdrawn status Lost status Damaged status Not for loan Collection code Permanent Location Current Location Date acquired Koha item type
        Monographs Library National Museum Colombo - Sri Lanka Library National Museum Colombo - Sri Lanka 2023-08-02 Books
Copyright © 2023 Department of National Museum, Colombo 07, Sri Lanka Funded by UNESCO IFAP UNESCO